Прогрессивные способы сооружения гидрогеологических скважин и пути улучшения качества промывочных жидкостей: сборник научных трудов

Dades bibliogràfiques
Autor corporatiu: Геологический фонд РСФСР
Altres autors: Силаков В. Н. (редактор)
Idioma:rus
Publicat: Москва, Изд-во Геол. фонда РСФСР, 1984
Matèries:
Format: Llibre
KOHA link:https://koha.lib.tpu.ru/cgi-bin/koha/opac-detail.pl?biblionumber=284640

MARC

LEADER 00000nam0a2200000 4500
001 284640
005 20231101235721.0
020 |a RU  |b 85-27836 
035 |a (RuTPU)RU\TPU\book\308819 
090 |a 284640 
100 |a 20150217d1984 k y0rusy5003 ca 
101 0 |a rus 
102 |a RU 
105 |a a z 001zy 
200 1 |a Прогрессивные способы сооружения гидрогеологических скважин и пути улучшения качества промывочных жидкостей  |e сборник научных трудов  |f Геологический фонд РСФСР ; под ред. В. Н. Силакова 
210 |a Москва  |c Изд-во Геол. фонда РСФСР  |d 1984 
215 |a 118 с.  |c ил. 
320 |a Библиография в конце статей 
606 1 |a Воды подземные  |x Поиски и разведка  |2 stltpush  |3 (RuTPU)RU\TPU\subj\3177  |9 31631 
610 1 |a бурение на воду 
610 1 |a гидрогеологические скважины 
610 1 |a сооружение 
610 1 |a качество 
610 1 |a эффективность 
610 1 |a промывочные жидкости 
610 1 |a вскрытие 
610 1 |a освоение 
610 1 |a опробование 
610 1 |a водоносные пласты 
675 |a 556.3.042:550.8  |z rus  |v 3 
702 1 |a Силаков  |b В. Н.  |4 340 
712 0 2 |a Геологический фонд РСФСР  |2 stltpush  |3 (RuTPU)RU\TPU\col\12239  |9 25356 
801 0 |a RU  |b RuMRKP  |c 19950704  |g psbo 
801 1 |a RU  |b 63413507  |c 20150217 
801 2 |a RU  |b 63413507  |c 20171027  |g RCR 
942 |c BK